Tajomstvo reklamného textu alebo ako písať listy, ktoré predávajú
Gespeichert in:
| 1. Verfasser: | |
|---|---|
| Weitere Verfasser: | |
| Format: | Buch |
| Sprache: | Slowakisch |
| Veröffentlicht: |
Bratislava
Ister Science
1997
|
| Schlagworte: | |
| Tags: |
Keine Tags, Fügen Sie das erste Tag hinzu!
|
MARC
| LEADER | 00000nam a2200000 4500 | ||
|---|---|---|---|
| 001 | c102543 | ||
| 005 | 20221109111657.1 | ||
| 020 | |a 80-88683-17-3 | ||
| 041 | 0 | |a slo | |
| 044 | |a SK | ||
| 245 | 1 | 0 | |a Tajomstvo reklamného textu alebo ako písať listy, ktoré predávajú |c Christian H. Godefroy a Dominique Glocheux |
| 264 | 1 | |a Bratislava |b Ister Science |c 1997 | |
| 300 | |a 180 s. | ||
| 610 | 2 | 0 | |a reklama |
| 610 | 2 | 0 | |a podpora predaja |
| 610 | 2 | 0 | |a komunikácia marketingová |
| 610 | 2 | 0 | |a odbyt |
| 610 | 2 | 0 | |a konzultanti |
| 610 | 2 | 0 | |a konzultácie |
| 610 | 2 | 0 | |a ponuka |
| 610 | 2 | 0 | |a metódy propagačné |
| 100 | 1 | |a Godefroy, Christian H. | |
| 700 | 1 | |a Glocheux, Dominique | |